Determinants of graduity size in the Czech Republic: evidence from four inexpensive restaurants in Brno

Nižšia úroveň sprepitného v ČR (6-7%) oproti krajinám USA, Kanada a Izrael (cca 15%). Nerovnosť v správaní pravidelných zákazníkov a pri platbe kartou. Vplyv počasia a pohlavia časníka na výšku sprepitného.

Guardado en:
Detalles Bibliográficos
Autor principal: Kvasnička, Michal
Otros Autores: Szalayová, Monika
Formato: Capítulo de libro
Lenguaje:inglés
Materias:
Etiquetas: Agregar Etiqueta
Sin Etiquetas, Sea el primero en etiquetar este registro!

MARC

LEADER 00000naa a2200000 4500
001 0205925
005 20231129092227.5
041 0 |a eng 
044 |a CZ 
245 1 0 |a Determinants of graduity size in the Czech Republic: evidence from four inexpensive restaurants in Brno  |c Michal Kvasnička, Monika Szalayová 
520 |a Nižšia úroveň sprepitného v ČR (6-7%) oproti krajinám USA, Kanada a Izrael (cca 15%). Nerovnosť v správaní pravidelných zákazníkov a pri platbe kartou. Vplyv počasia a pohlavia časníka na výšku sprepitného. 
610 2 0 |a reštaurácie 
610 2 0 |a správanie spotrebiteľa 
100 1 |a Kvasnička, Michal 
700 1 |a Szalayová, Monika